Schaum’s outline of theory and problems of electric power systems (Record no. 126)
[ view plain ]
| 000 -LEADER | |
|---|---|
| fixed length control field | 00740nac a22001691u 4500 |
| 020 ## - INTERNATIONAL STANDARD BOOK NUMBER | |
| International Standard Book Number | 0070589356 |
| 082 ## - DEWEY DECIMAL CLASSIFICATION NUMBER | |
| Classification number | 621.31 |
| Item number | N243 |
| 090 ## - LOCALLY ASSIGNED LC-TYPE CALL NUMBER (OCLC); LOCAL CALL NUMBER (OCLC) | |
| -- | 126 |
| -- | 126 |
| 100 ## - MAIN ENTRY--PERSONAL NAME | |
| Personal name | Nasar, Syed A. |
| 245 ## - TITLE STATEMENT | |
| Title | Schaum’s outline of theory and problems of electric power systems |
| 260 ## - PUBLICATION, DISTRIBUTION, ETC. (IMPRINT) | |
| Place of publication, distribution, etc | New Delhi |
| Name of publisher, distributor, etc | Tata McGraw-Hill |
| Date of publication, distribution, etc | 2004 |
| 440 ## - | |
| -- | Schaum’s outline series |
| 650 ## - SUBJECT ADDED ENTRY--TOPICAL TERM | |
| Topical term or geographic name as entry element | Electric power systems |
| 942 ## - ADDED ENTRY ELEMENTS (KOHA) | |
| Item type | Book - Borrowing |
| Call number prefix | 621.31N243 |
| Withdrawn status | Item status | Damaged status | Not for loan | Home library | Current library | Shelving location | Date acquired | Source of acquisition | Total Checkouts | Full call number | Barcode | Date last seen | Date last borrowed | Cost, replacement price | Koha item type |
|---|---|---|---|---|---|---|---|---|---|---|---|---|---|---|---|
| Central Library | Central Library | First floor | 18/01/2006 | Purchase | 1 | 621.31 NAS | 000004641 | 15/07/2025 | 03/04/2012 | 120.00 | Book - Borrowing | ||||
| Central Library | Central Library | First floor | 18/01/2006 | Purchase | 621.31 NAS | 000004640 | 15/07/2025 | 120.00 | Book - Borrowing |